Առաջադրանքներ և իրավիճակային խնդիրներ ֆիզիոլոգիայից : (Record no. 395712)
[ view plain ]
| 000 -LEADER | |
|---|---|
| fixed length control field | 01135nam a2200265 a 4500 |
| 001 - CONTROL NUMBER | |
| control field | 001051935 |
| 003 - CONTROL NUMBER IDENTIFIER | |
| control field | AM-YeHGA |
| 005 - DATE AND TIME OF LATEST TRANSACTION | |
| control field | 20250618074756.0 |
| 008 - FIXED-LENGTH DATA ELEMENTS--GENERAL INFORMATION | |
| fixed length control field | 111021s2014 ai r 000 0 arm d |
| 020 ## - INTERNATIONAL STANDARD BOOK NUMBER | |
| International Standard Book Number | 9785808418707 |
| 040 ## - CATALOGING SOURCE | |
| Original cataloging agency | AM-YeHGA |
| 041 0# - LANGUAGE CODE | |
| Language code of text/sound track or separate title | arm |
| 090 ## - LOCALLY ASSIGNED LC-TYPE CALL NUMBER (OCLC); LOCAL CALL NUMBER (RLIN) | |
| -- | 397762 |
| 245 00 - TITLE STATEMENT | |
| Title | Առաջադրանքներ և իրավիճակային խնդիրներ ֆիզիոլոգիայից : |
| Remainder of title | Ուսումնական ձեռնարկ / |
| Statement of responsibility, etc. | Ծ.Ի. Ադամյան, Է.Ս. Գևորգյան, Ն.Յ. Ադամյան, Ս.Գ. Սահակյան; ԵՊՀ. |
| 260 ## - PUBLICATION, DISTRIBUTION, ETC. | |
| Place of publication, distribution, etc. | Երևան : |
| Name of publisher, distributor, etc. | ԵՊՀ հրատ., |
| Date of publication, distribution, etc. | 2014. |
| 300 ## - PHYSICAL DESCRIPTION | |
| Extent | 176 էջ : |
| Other physical details | նկ. ; |
| Dimensions | 21 սմ. |
| 504 ## - BIBLIOGRAPHY, ETC. NOTE | |
| Bibliography, etc. note | Մատենագիտ.՝ էջ 171 |
| 650 14 - SUBJECT ADDED ENTRY--TOPICAL TERM | |
| Topical term or geographic name entry element | Ֆիզիոլոգիա |
| General subdivision | Առաջադրանքներ և խնդիրներ |
| Form subdivision | Ուսումնական ձեռնարկ |
| 700 1# - ADDED ENTRY--PERSONAL NAME | |
| Personal name | Ադամյան, Ծովինար Իշխանի, |
| Dates associated with a name | 1939- |
| 9 (RLIN) | 1372 |
| 700 1# - ADDED ENTRY--PERSONAL NAME | |
| Personal name | Գևորգյան, Էմմա Սերգեյի |
| Dates associated with a name | |
| 700 1# - ADDED ENTRY--PERSONAL NAME | |
| Personal name | Ադամյան, Նոնա Յուրիկի |
| 700 1# - ADDED ENTRY--PERSONAL NAME | |
| Personal name | Սահակյան, Ս.Գ |
| 710 2# - ADDED ENTRY--CORPORATE NAME | |
| Corporate name or jurisdiction name as entry element | Երևանի պետական համալսարան |
| 942 ## - ADDED ENTRY ELEMENTS (KOHA) | |
| Source of classification or shelving scheme | Universal Decimal Classification |
| Koha item type | Գրքեր / Books |
| Withdrawn status | Lost status | Source of classification or shelving scheme | Damaged status | Not for loan | Collection | Home library | Current library | Date acquired | Total checkouts | Full call number | Barcode | Date last seen | Price effective from | Koha item type | Public note |
|---|---|---|---|---|---|---|---|---|---|---|---|---|---|---|---|
| Universal Decimal Classification | General | Fundamental Scientific Library | Fundamental Scientific Library | 12/12/2017 | AII/103088 | FL0468718 | 12/12/2017 | 12/12/2017 | Գրքեր / Books | 30 Days Loan |
ՀՀ Գիտությունների ազգային ակադեմիայի հիմնարար գիտական գրադարան = Fundamental Scientific Library of NAS RA
All site content, except where otherwise noted, is licensed under a